000 01211nam a2200301 a 4500
001 ebr10480049
003 CaPaEBR
006 m u
007 cr cn|||||||||
008 110712s2011 si ad sb 001 0 eng d
020 _z9812836675
020 _z9789812836670
020 _z9789812836687 (e-book)
040 _aCaPaEBR
_cCaPaEBR
035 _a(OCoLC)738433338
050 1 4 _aQH212.S3
_bK48 2011eb
100 1 _aKhursheed, Anjam.
245 1 0 _aScanning electron microscope optics and spectrometers
_h[electronic resource] /
_cAnjam Khursheed.
260 _aSingapore ;
_aHackensack, N.J. :
_bWorld Scientific Pub. Co.,
_c2011.
300 _axiii, 402 p. :
_bill. (some col.)
504 _aIncludes bibliographical references and index.
533 _aElectronic reproduction.
_bPalo Alto, Calif. :
_cebrary,
_d2011.
_nAvailable via World Wide Web.
_nAccess may be limited to ebrary affiliated libraries.
650 0 _aScanning electron microscopes.
650 0 _aOptical spectrometers.
655 7 _aElectronic books.
_2local
710 2 _aebrary, Inc.
856 4 0 _uhttp://site.ebrary.com/lib/rucke/Doc?id=10480049
_zAn electronic book accessible through the World Wide Web; click to view
999 _c220529
_d220529